000
00246nam a2200097Ia 4500
001
725616
005
20250826163413.0
008
250824s9999 xx 000 0 und d
245
0
_a
ÇOCUKLAR VE BİR GÜN
_c
VURAL KAYA
260
_b
KAYALIPARK YAYINLARI
999
_c
725616
_d
725616